[Event "Hamburg Harburg - ch 14th F"]
[Site "Hamburg"]
[Date "2019.07.27"]
[Round "2.1"]
[White "Flader, Willi"]
[Black "Lohmann, Marten"]
[Result "1-0"]
[WhiteElo "1292"]
[BlackElo "1154"]
[PlyCount "59"]
[EventDate "2019.07.26"]
[EventType "swiss"]
[EventRounds "5"]
[EventCountry "GER"]
[WhiteTeam "SC Schwarz-Weiß Harburg"]
[BlackTeam "Hamburger SK von 1830 eV"]

1. e4 e5 2. Nf3 Nc6 3. c4 Bc5 4. Nc3 Nf6 5. h3 d6 6. d3 Be6 7. Bg5 h6 8. Bd2
O-O 9. Qc1 Kh7 10. Be2 Nd4 11. Bd1 Nd7 12. g4 Nxf3+ 13. Bxf3 Qf6 14. Ke2 Qh4
15. Qg1 Qf6 16. Qg3 Rg8 17. h4 a6 18. g5 Qe7 19. h5 Kh8 20. Bg2 f6 21. g6 Rgf8
22. Rhf1 c6 23. f3 Bd4 24. Qe1 Nb8 25. Qc1 f5 26. exf5 Rxf5 27. Bxh6 Rf8 28.
Bd2 d5 29. b3 Bxc3 30. Bxc3 {unklar} 1-0

[Event "Hamburg Harburg - ch 14th F"]
[Site "Hamburg"]
[Date "2019.07.27"]
[Round "2.4"]
[White "Hock, Reiner"]
[Black "Schroeder, Jan Hendrik"]
[Result "1/2-1/2"]
[WhiteElo "865"]
[BlackElo "1033"]
[PlyCount "160"]
[EventDate "2019.07.26"]
[EventType "swiss"]
[EventRounds "5"]
[EventCountry "GER"]
[WhiteTeam "SK Altona v.1873/Finkenw"]
[BlackTeam "SC Turm Lüneburg e.V."]

1. d4 g6 2. Nf3 Bg7 3. c3 c6 4. e4 d6 5. h3 d5 6. e5 Qc7 7. Bf4 e6 8. Nbd2 c5
9. Bb5+ Nd7 10. a4 a6 11. Bxd7+ Bxd7 12. b3 cxd4 13. cxd4 b5 14. O-O Ne7 15.
Re1 O-O 16. Nf1 Rfc8 17. Qd2 Qc3 18. Bh6 Qxd2 19. Bxd2 Bf8 20. a5 Nc6 21. g4
Bb4 22. Rec1 Bxd2 23. N1xd2 Nb4 24. g5 Nd3 25. Rxc8+ Rxc8 26. Kg2 Nf4+ 27. Kg3
Nh5+ 28. Kg4 b4 29. Nf1 Bb5 30. Ng3 Nxg3 31. fxg3 Rc3 32. Nh2 Rxb3 33. Kf4 Rc3
34. Ng4 b3 35. Rb1 Bd3 36. Rb2 Be4 37. Nh6+ Kg7 38. h4 Rc2 39. Rxb3 Rf2+ 40.
Kg4 Bf5+ 41. Nxf5+ gxf5+ 42. Kh3 Ra2 43. h5 Rxa5 44. h6+ Kg6 45. Rb7 Ra3 46.
Rb8 f4 47. Kg4 f5+ 48. Kxf4 Ra4 49. Rg8+ Kh5 50. Rg7 Rxd4+ 51. Ke3 Re4+ 52. Kf3
a5 53. Rxh7 Kxg5 54. Re7 Kxh6 55. Rxe6+ Kg5 56. Re8 a4 57. Rg8+ Kh6 58. Ra8
Rxe5 59. Kf4 Re4+ 60. Kxf5 Re3 61. Rxa4 Rxg3 62. Ra6+ Kh5 63. Rd6 Rg5+ 64. Ke6
Rg6+ 65. Kxd5 Rg5+ 66. Kc6 Rg1 67. Rd5+ Kh4 68. Rd4+ Kh3 69. Rd6 Rc1+ 70. Kd7
Rc4 71. Ke7 Kg4 72. Kf7 Re4 73. Re6 Rf4+ 74. Rf6 Re4 75. Kg7 Re7+ 76. Kf8 Ra7
77. Re6 Kf5 78. Rb6 Ra8+ 79. Ke7 Rg8 80. Rf6+ Kg4 1/2-1/2

[Event "Hamburg Harburg - ch 14th F"]
[Site "Hamburg"]
[Date "2019.07.27"]
[Round "3.3"]
[White "Baeuerlein, Benedikt"]
[Black "Hock, Reiner"]
[Result "1-0"]
[WhiteElo "1154"]
[BlackElo "865"]
[PlyCount "59"]
[EventDate "2019.07.26"]
[EventType "swiss"]
[EventRounds "5"]
[EventCountry "GER"]
[WhiteTeam "Blau-Weiss Buchholz"]
[BlackTeam "SK Altona v.1873/Finkenw"]

1. e4 d6 2. Nf3 Nf6 3. Nc3 g6 4. Bc4 Bh6 5. d4 Bg7 6. Be3 O-O 7. Qd2 Kh8 8.
O-O-O Bg4 9. Bh6 Nbd7 10. Rde1 Bxf3 11. gxf3 e5 12. dxe5 Nxe5 13. Be2 Qd7 14.
f4 Bxh6 15. Qd4 Bxf4+ 16. Kb1 c5 17. Qd1 Neg4 18. Ref1 Be5 19. Nd5 h5 20. h3
Kg7 21. hxg4 Nxg4 22. Rhg1 f5 23. exf5 Rxf5 24. Bxg4 hxg4 25. Qxg4 g5 26. f4
Qb5 27. b3 c4 28. Qxf5 Bf6 29. Qxf6+ Kh7 30. Rh1+ 1-0

[Event "Hamburg Harburg - ch 14th F"]
[Site "Hamburg"]
[Date "2019.07.27"]
[Round "3.2"]
[White "Lohmann, Marten"]
[Black "Lohmann, Tristan"]
[Result "1/2-1/2"]
[WhiteElo "1154"]
[BlackElo "1097"]
[PlyCount "57"]
[EventDate "2019.07.26"]
[EventType "swiss"]
[EventRounds "5"]
[EventCountry "GER"]
[WhiteTeam "Hamburger SK von 1830 eV"]
[BlackTeam "Hamburger SK von 1830 eV"]

1. e4 c5 2. Nf3 Nc6 3. Nc3 g6 4. d4 cxd4 5. Nxd4 Bg7 6. Nxc6 bxc6 7. Bc4 e6 8.
Bd2 d5 9. exd5 cxd5 10. Bd3 Nf6 11. Rb1 O-O 12. O-O Re8 13. Ne2 Qd6 14. Ng3 Ba6
15. Be2 Bxe2 16. Qxe2 Rac8 17. Rfc1 Nd7 18. h4 Qe5 19. Qxe5 Bxe5 20. Ne2 Bf6
21. b3 Rb8 22. Bc3 Bg7 23. Bxg7 Kxg7 24. c4 dxc4 25. Rxc4 Nb6 26. Rc2 Rbc8 27.
Rcc1 Red8 28. Rxc8 Rxc8 29. Nd4 {unklar} 1/2-1/2

[Event "Hamburg Harburg - ch 14th F"]
[Site "Hamburg"]
[Date "2019.07.27"]
[Round "3.1"]
[White "Reisch, Julian"]
[Black "Flader, Willi"]
[Result "0-1"]
[WhiteElo "1330"]
[BlackElo "1292"]
[PlyCount "41"]
[EventDate "2019.07.26"]
[EventType "swiss"]
[EventRounds "5"]
[EventCountry "GER"]
[WhiteTeam "MTV Tostedt"]
[BlackTeam "SC Schwarz-Weiß Harburg"]

1. d4 e6 2. c4 c5 3. d5 d6 4. Nf3 Be7 5. e3 e5 6. Nc3 f5 7. e4 f4 8. Be2 h6 9.
Bd2 Nf6 10. Qc2 a6 11. Rb1 Nbd7 12. a3 Rb8 13. b4 b6 14. Rb2 O-O 15. O-O Kh7
16. h3 Ng8 17. Na2 Rf6 18. bxc5 dxc5 19. Bc3 Bd6 20. Rfb1 Rg6 21. Nh4 {[%cal
Gd8h4]} 0-1

[Event "Hamburg Harburg - ch 14th F"]
[Site "Hamburg"]
[Date "2019.07.28"]
[Round "4.4"]
[White "Krueger, Dietrich"]
[Black "Hock, Reiner"]
[Result "1-0"]
[WhiteElo "967"]
[BlackElo "865"]
[PlyCount "75"]
[EventDate "2019.07.26"]
[EventType "swiss"]
[EventRounds "5"]
[EventCountry "GER"]
[WhiteTeam "Barmbeker SK 1926 eV"]
[BlackTeam "SK Altona v.1873/Finkenw"]

1. d4 d5 2. Bf4 Nf6 3. e3 e6 4. Bb5+ c6 5. Ba4 b5 6. Bb3 Nbd7 7. Ne2 c5 8. a3
c4 9. Ba2 Nh5 10. Nbc3 a6 11. Qd2 Nb6 12. h4 Nxf4 13. Nxf4 Bd6 14. O-O Qxh4 15.
b3 g5 16. g3 Qg4 17. Ng2 e5 18. Rae1 e4 19. bxc4 dxc4 20. d5 Qh3 21. Qd4 Rf8
22. Qxb6 Qd7 23. Nxe4 Ke7 24. Nxg5 Rb8 25. Qd4 Bb7 26. Nxh7 Rg8 27. Qh4+ f6 28.
Qxf6+ Ke8 29. e4 Qxh7 30. Qxd6 Rg6 31. Qxb8+ Kf7 32. Qc7+ Kg8 33. Qxh7+ Kxh7
34. Nf4 Rf6 35. e5 Rf5 36. e6 Bxd5 37. Nxd5 Rxd5 38. e7 1-0

[Event "Hamburg Harburg - ch 14th F"]
[Site "Hamburg"]
[Date "2019.07.28"]
[Round "4.1"]
[White "Flader, Willi"]
[Black "Lohmann, Tristan"]
[Result "1-0"]
[WhiteElo "1292"]
[BlackElo "1097"]
[PlyCount "73"]
[EventDate "2019.07.26"]
[EventType "swiss"]
[EventRounds "5"]
[EventCountry "GER"]
[WhiteTeam "SC Schwarz-Weiß Harburg"]
[BlackTeam "Hamburger SK von 1830 eV"]

{[%evp 0,19,19,31,72,53,48,27,12,14,6,6,56,41,30,3,20,2,2,-18,-8,-259]} 1. e4
c5 2. Nf3 Nc6 3. c4 g6 4. Nc3 Bg7 5. d3 e6 6. Be2 Nge7 7. Be3 b6 8. a3 Bb7 9.
Qd2 Rc8 10. d4 cxd4 11. Nxd4 O-O 12. f4 f5 13. e5 Nxd4 14. Bxd4 Bxg2 15. Rg1
Bc6 16. O-O-O Qc7 17. h4 d6 18. Qe3 d5 19. c5 Rb8 20. cxb6 axb6 21. h5 b5 22.
b4 Qb7 23. Qh3 Ra8 24. Kb2 Qa6 25. Nb1 Rfc8 26. Rh1 Be8 27. Bc5 Rc7 28. Rdg1
Qc6 29. Qh4 Qd7 30. Nc3 Kf7 31. Qg5 Rb7 32. hxg6+ hxg6 33. Rh7 Kg8 34. Rgh1 d4
35. Rxg7+ Kxg7 36. Qh6+ Kg8 37. Qh8+ 1-0

[Event "Hamburg Harburg - ch 14th F"]
[Site "Hamburg"]
[Date "2019.07.28"]
[Round "4.3"]
[White "Schroeder, Jan Hendrik"]
[Black "Lohmann, Marten"]
[Result "0-1"]
[WhiteElo "1033"]
[BlackElo "1154"]
[PlyCount "114"]
[EventDate "2019.07.26"]
[EventType "swiss"]
[EventRounds "5"]
[EventCountry "GER"]
[WhiteTeam "SC Turm Lüneburg e.V."]
[BlackTeam "Hamburger SK von 1830 eV"]

1. e4 e5 2. f4 Nc6 3. Bc4 Nf6 4. Nc3 Bb4 5. Nge2 d6 6. d3 Be6 7. Bb3 Qe7 8. f5
Bxb3 9. axb3 Nd4 10. Bd2 Bc5 11. Nxd4 Bxd4 12. Ra2 Qd7 13. Nd5 Nxd5 14. exd5
Qxf5 15. Qf3 Qxf3 16. gxf3 O-O 17. Bc3 Bb6 18. h4 h5 19. Rh2 f6 20. Ke2 Kh7 21.
Rh1 Rg8 22. Rha1 {(=)} g5 23. hxg5 fxg5 24. Ba5 Bxa5 25. Rxa5 a6 26. Rh1 Kh6
27. Raa1 g4 28. fxg4 Rxg4 29. Raf1 Rag8 30. Rf6+ R4g6 31. Rff1 Rg2+ 32. Kd1 Kg6
33. Rfg1 Rxg1+ 34. Rxg1+ Kh7 35. Rh1 {(=)} Kh6 36. Ke1 Rg4 37. c4 h4 38. Kf2
Kg5 39. Rh3 Rf4+ 40. Kg2 Kf5 41. Kg1 e4 42. Kg2 Rg4+ 43. Kf2 Rf4+ 44. Ke2 Kg4
45. Re3 exd3+ 46. Kxd3 {(=)} Rf3 47. Ke4 Rxe3+ 48. Kxe3 Kg3 49. Ke4 h3 50. Kf5
h2 51. Ke6 h1=Q 52. Kd7 Qh7+ 53. Kc8 c5 54. Kb8 b6 55. b4 cxb4 56. c5 bxc5 57.
b3 a5 0-1

[Event "Hamburg Harburg - ch 14th F"]
[Site "Hamburg"]
[Date "2019.07.28"]
[Round "5.2"]
[White "Lohmann, Marten"]
[Black "Krueger, Dietrich"]
[Result "1-0"]
[WhiteElo "1154"]
[BlackElo "967"]
[PlyCount "79"]
[EventDate "2019.07.26"]
[EventType "swiss"]
[EventRounds "5"]
[EventCountry "GER"]
[WhiteTeam "Hamburger SK von 1830 eV"]
[BlackTeam "Barmbeker SK 1926 eV"]

1. e4 Nc6 2. Nf3 e5 3. d4 Bb4+ 4. c3 Bd6 5. d5 Nce7 6. Be3 c6 7. c4 f5 8. Bd3
Nf6 9. Nc3 Qa5 10. Bd2 fxe4 11. Nxe4 Qc7 12. Nxf6+ gxf6 13. dxc6 dxc6 14. h3
Be6 15. b3 O-O-O 16. a4 f5 17. Bc2 e4 18. Ng5 Bg8 19. Qc1 Be5 20. Ra2 h6 21.
Nxe4 fxe4 22. Bxe4 Rd4 23. Bc2 Bh7 24. a5 c5 25. Bxh6 Bxc2 26. Rxc2 Bf4 27.
Bxf4 Rxf4 28. Qd1 Ng6 29. O-O Qe5 30. Qb1 Qg5 31. Rc3 Nh4 32. Rg3 Qf5 33. Qb2
Qe4 34. Qxh8+ Kd7 35. Rd1+ Ke6 36. Re3 Nxg2 37. Rxe4+ Rxe4 38. Qe8+ Kf5 39.
Rd5+ Kf4 40. Qf7# 1-0

[Event "Hamburg Harburg - ch 14th F"]
[Site "Hamburg"]
[Date "2019.07.28"]
[Round "5.1"]
[White "Flader, Willi"]
[Black "Baeuerlein, Benedikt"]
[Result "0-1"]
[WhiteElo "1292"]
[BlackElo "1154"]
[PlyCount "74"]
[EventDate "2019.07.26"]
[EventType "swiss"]
[EventRounds "5"]
[EventCountry "GER"]
[WhiteTeam "SC Schwarz-Weiß Harburg"]
[BlackTeam "Blau-Weiss Buchholz"]

{[%evp 0,39,19,38,18,26,21,-37,-16,-15,-35,-34,-34,-79,-89,-106,-113,-101,-96,
-96,-79,-103,-108,-100,-64,-268,-113,-167,-15,-401,-403,-403,-398,-413,-411,
-408,-403,-413,-426,-419,-419,-448]} 1. e4 e5 2. Nf3 Nc6 3. c4 Bc5 4. Nc3 d6 5.
d3 f5 6. g3 Nf6 7. h3 O-O 8. Bg2 fxe4 9. dxe4 h6 10. a3 Be6 11. b3 Nh7 12. h4
Qf6 13. Nd5 Bxd5 14. cxd5 Nd4 15. Be3 Nxf3+ 16. Bxf3 Bxe3 17. fxe3 Qxf3 18.
Qxf3 Rxf3 19. Ke2 Rxg3 20. Rac1 Rc8 21. Kd3 Nf6 22. b4 Ng4 23. Rhe1 a6 24. Rc2
Kf7 25. Rce2 Kg6 26. Rf1 Rh3 27. Rg1 Kh5 28. Kd2 Rf8 29. Rc1 Rf7 30. a4 Rh2 31.
Rce1 Rxe2+ 32. Rxe2 Rf2 33. Kd3 Rxe2 34. Kxe2 Kxh4 35. Kf3 Kh3 36. Ke2 Kg2 37.
Kd3 h5 0-1

[Event "Hamburg Harburg - ch 14th F"]
[Site "Hamburg"]
[Date "2019.07.28"]
[Round "5.3"]
[White "Lohmann, Tristan"]
[Black "Schroeder, Jan Hendrik"]
[Result "0-1"]
[WhiteElo "1097"]
[BlackElo "1033"]
[PlyCount "146"]
[EventDate "2019.07.26"]
[EventType "swiss"]
[EventRounds "5"]
[EventCountry "GER"]
[WhiteTeam "Hamburger SK von 1830 eV"]
[BlackTeam "SC Turm Lüneburg e.V."]

1. e4 g6 2. Nf3 Bg7 3. Nc3 c6 4. Be2 d5 5. exd5 cxd5 6. d3 Nf6 7. Be3 Nc6 8.
O-O d4 9. Bxd4 Nxd4 10. Nxd4 Qxd4 11. Bf3 Bg4 12. Re1 Bxf3 13. Qxf3 Qd8 14.
Qxb7 O-O 15. Qxe7 Qxe7 16. Rxe7 Rab8 17. Rb1 Rbd8 18. Nb5 a6 19. Nc3 Rfe8 20.
Rxe8+ Nxe8 21. g3 Rb8 22. Nd1 a5 23. Ne3 Rxb2 24. Rxb2 Bxb2 25. Nc4 Bc3 26. Kf1
Kf8 27. Ke2 Ke7 28. Nb6 Kd6 29. Na4 Bb4 30. c3 Ba3 31. Nb6 Kc6 32. Nc4 Bf8 33.
Nxa5+ Kb5 34. Nb3 Ka4 35. Nc1 Ba3 36. Kd2 Nf6 37. Ne2 Ng4 38. f3 Nxh2 39. Ng1
Nf1+ 40. Ke2 Nxg3+ 41. Ke3 Bc5+ 42. d4 Nf5+ 43. Ke4 Ba3 44. Ke5 Bb2 45. Kf6
Bxc3 46. Kxf7 Bxd4 47. Kg8 Bxg1 48. Kxh7 g5 49. Kg6 Be3 50. Kxf5 Bf4 51. Kg4
Ka3 52. Kh3 Kxa2 53. Kg2 Kb3 54. Kf1 Kc3 55. Ke2 Kd4 56. Kf2 Bc1 57. Ke2 Ke5
58. Kf2 Kf4 59. Kg2 Ke3 60. Kg3 Ke2 61. Kg2 Bf4 62. Kg1 Kxf3 63. Kh1 Be3 64.
Kh2 Kf2 65. Kh3 Kg1 66. Kg3 Kh1 67. Kh3 Bf4 68. Kg4 Kh2 69. Kf3 Kh3 70. Kf2 g4
71. Kg1 g3 72. Kh1 g2+ 73. Kg1 Bh2+ 0-1